000 00243nam a22001097a 4500
082 _a808.3 STO'U
100 _aSTOWE, HARRIET BEECHER
_975865
245 _aUNCLE TOM'S CABIN
260 _aNEWYORK
_bSIGNET
_c1968
300 _a494P
942 _cBK
999 _c581273
_d581273